Pluriels de mots #1 - Statistiques

Statistiques générales
  • Ce quiz a été pris 175 fois
  • Le résultat moyen est 13 sur 14
Statistiques - réponses
Hint Réponse % Correct
Bal Bals
98%
Après-midi Après-midi
97%
Mille Mille
97%
Année-lumière Années-lumière
96%
Bleu Bleus
96%
Fer à souder Fers à souder
96%
Gaz Gaz
96%
Arc-en-ciel Arcs-en-ciel
95%
Bateau-mouche Bateaux-mouches
95%
Porte-parole Porte-parole
95%
Aller-retour Allers-retours
94%
Cauchemar Cauchemars
93%
Quinquennal Quinquennaux
91%
Bonhomme Bonshommes
79%
Aucun quiz correspondant
Distribution des résultats
% des personnes avec chaque résultat
Percentile par nombre de réponses
Votre historique - résultats
Vous n’avez pas pris ce quiz